000 00484nam a22001817a 4500
003 MPLRDC
005 20220104113816.0
008 210129b ||||| |||| 00| 0 eng d
020 _a957-05-1308-X
082 _a782.862 ZL-2
100 _a晁中辰
245 _a明成祖传
_c
250 _a初版二刷
260 _a台湾
_b台湾商务印书馆股份有限公司
_c2000
300 _b559
650 _a中国明代人物传记--明成祖. 朱棣
942 _cBK
_o782.862 ZL-2
999 _c2528
_d2518